| Поле | Название | Значение |
| |
Тип записи |
a |
| |
Библиографический уровень |
m |
| 001 |
Контрольный номер |
RU/SLIB/B/208768462 |
| 005 |
Дата корректировки |
20260512164723.8 |
| 010 |
Индекс ISBN |
__ |
| a |
ISBN |
5-93386-033-6 |
| d |
Цена |
100-00 |
| 101 |
Язык документа |
1_ |
| a |
Язык текста |
rus |
| c |
Язык оригинала |
fin |
| 200 |
Заглавие и сведения об ответственности |
1_ |
| a |
Заглавие |
Синухе, египтянин |
| e |
Сведения, относящиеся к заглавию |
повествование о жизни Синухе, фараона Эхнатона и царицы Нефертити |
| f |
Первые сведения об ответственности |
М. Т. Валтари ; пер. с фин.: В. Богачева, Л. Виролайнен, Е. Каменской (общ. ред. пер.) |
| b |
Общее обозначение материала |
Текст |
| 210 |
Выходные данные |
1_ |
| a |
Место издания |
М. |
| c |
Издательство |
ETS Publishing House |
| d |
Дата издания |
2003 |
| 215 |
Физическое описание |
__ |
| a |
Объем |
640 с. |
| 606 |
Тематические рубрики |
__ |
| a |
Основная рубрика |
Художественная литература |
| 606 |
Тематические рубрики |
__ |
| a |
Основная рубрика |
Литература Европы (произведения) |
| 610 |
Ключевые слова |
0_ |
| a |
Ключевые слова |
финская литература; проза; историческая литература; историческая проза; тема фараонов; тема Египта |
| 686 |
Индексы других классификаций |
__ |
| a |
Классификационный индекс |
84(4Фин)-4 |
| 700 |
Автор |
_1 |
| a |
Фамилия |
Валтари |
| b |
Имя |
М. |
| g |
Полное личное имя |
Мика |
| 4 |
Код отношения |
070 |
| f |
Даты |
1908-1979 |
| 702 |
Вторичная интеллектуальная ответственность |
_1 |
| a |
Фамилия |
Богачев |
| b |
Имя |
В. |
| 4 |
Код отношения |
Переводчик |
| 4 |
Код отношения |
730 |
| 702 |
Вторичная интеллектуальная ответственность |
_1 |
| a |
Фамилия |
Виролайнен |
| b |
Имя |
Л. |
| 4 |
Код отношения |
Переводчик |
| 4 |
Код отношения |
730 |
| 702 |
Вторичная интеллектуальная ответственность |
_1 |
| a |
Фамилия |
Каменская |
| b |
Имя |
Е. В. |
| 4 |
Код отношения |
Переводчик |
| 4 |
Код отношения |
730 |
| 4 |
Код отношения |
340 |
| 801 |
Источник записи |
_0 |
| a |
Страна |
RU |
| b |
Организация |
Муниципальное бюджетное учреждение культуры "Централизованная библиотечная система" г. Сургут (Центральная городская библиотека им. А. С. Пушкина) |
| g |
Правила каталогизации |
КиК/Поспелова |
| 801 |
Источник записи |
_1 |
| a |
Страна |
RU |
| b |
Организация |
Муниципальное бюджетное учреждение культуры "Централизованная библиотечная система" г. Сургут (Центральная городская библиотека им. А. С. Пушкина) |
| g |
Правила каталогизации |
КиК/Поспелова |
| 852 |
Данные о местонахождении |
__ |
| j |
Шифр хранения |
84(4Фин)-4 |
| c |
Каталожный индекс |
84(4Фин)-4 |
| i |
Авторский знак |
В 15 |
| p |
Инвентарный номер |
04090164 |
| 901 |
Тип документа |
__ |
| t |
Тип документа |
m |
| 903 |
Характеристики (МАРС) |
__ |
| a |
Дата передачи |
20040902 |
| 990 |
Данные о заказе (DOS) |
__ |
| j |
Количество экземпляров (DOS) |
1 |
| t |
N записи в КСУ для И/У (DOS) |
200409 |